School text books and communal relations in Sri Lanka: (Record no. 3050)

MARC details
000 -LEADER
fixed length control field 006770000a22002170004500
003 - CONTROL NUMBER IDENTIFIER
control field LK-CoMWRAF
005 - DATE AND TIME OF LATEST TRANSACTION
control field 20240624144946.0
008 - FIXED-LENGTH DATA ELEMENTS--GENERAL INFORMATION
fixed length control field 230817t ||||| |||| 00| 0 eng d
040 ## - CATALOGING SOURCE
Original cataloging agency LK-CoMWRAF
Modifying agency LK-CoMWRAF
Description conventions LK-CoMWRAF
041 ## - LANGUAGE CODE
Language code of text/sound track or separate title English
082 ## - DEWEY DECIMAL CLASSIFICATION NUMBER
Classification number 371.32
Item number SCH
942 ## - ADDED ENTRY ELEMENTS (KOHA)
Koha item type Books
700 ## - ADDED ENTRY--PERSONAL NAME
Personal name Siriwardena, Reggie
700 ## - ADDED ENTRY--PERSONAL NAME
Personal name Indrapala, K.
700 ## - ADDED ENTRY--PERSONAL NAME
Personal name Bastian, Sunil
700 ## - ADDED ENTRY--PERSONAL NAME
Personal name Kottegoda, Sepali
245 ## - TITLE STATEMENT
Title School text books and communal relations in Sri Lanka:
Remainder of title Part 1: analysis of text books
260 ## - PUBLICATION, DISTRIBUTION, ETC. (IMPRINT)
Name of publisher, distributor, etc. Colombo:
Place of publication, distribution, etc. Council for Communal Harmony Through the Media,
Date of publication, distribution, etc. [1982?]
300 ## - PHYSICAL DESCRIPTION
Extent 77 p. ; 29 cm
650 ## - SUBJECT ADDED ENTRY--TOPICAL TERM
Topical term or geographic name as entry element Communalism in textbooks- Sri Lanka
Holdings
Withdrawn status Lost status Damaged status Not for loan Permanent Location Current Location Date acquired Full call number Barcode Koha item type
        Resource center, Muslim Women's Research And Action Forum Resource center, Muslim Women's Research And Action Forum 2023-08-17 371.32 SCH RAF3879 Books

Copyright © 2023 Muslim Women's Research and Action Forum (MWRAF), No 27/3, Anderson Road, Kalubowila, Dehiwela. Funded by The Asia Fundation